Toward higher productivity: report of seminar on higher productivity in public sector production enterprises, September 12, 13, 1975, Vigyan Bhawan, New Delhi (Record no. 478491)

000 -LEADER
fixed length control field 00568cam a22001337a 4500
008 - FIXED-LENGTH DATA ELEMENTS--GENERAL INFORMATION
fixed length control field 180718b1976 xxu||||| |||| 00| 0 eng d
082 ## - DEWEY DECIMAL CLASSIFICATION NUMBER
Classification number U6x54 B899
245 ## - TITLE STATEMENT
Title Toward higher productivity: report of seminar on higher productivity in public sector production enterprises, September 12, 13, 1975, Vigyan Bhawan, New Delhi
Statement of responsibility, etc. by Bureau of Public Enterprises
260 ## - PUBLICATION, DISTRIBUTION, ETC.
Place of publication, distribution, etc. New Delhi
Name of publisher, distributor, etc. Standing Conference of Public Enterprises
Date of publication, distribution, etc. 1976
300 ## - PHYSICAL DESCRIPTION
Extent 250p.
650 ## - SUBJECT ADDED ENTRY--TOPICAL TERM
Topical term or geographic name entry element Labour productivity
650 ## - SUBJECT ADDED ENTRY--TOPICAL TERM
Topical term or geographic name entry element Government enterprise - India
700 ## - ADDED ENTRY--PERSONAL NAME
Personal name Bureau of Public Enterprises
Holdings
Withdrawn status Lost status Damaged status Not for loan Permanent Location Current Location Date acquired Full call number Barcode Date last seen Price effective from Koha item type
        Indian Institute of Public Administration Indian Institute of Public Administration 2018-08-04 U6x54 B899 G14057 2018-08-04 2018-08-04 G

Powered by Koha